Au coeur de la vie
Guardat en:
| Autor principal: | |
|---|---|
| Format: | Llibre |
| Idioma: | Undetermined |
| Publicat: |
París, Francia
Calmann-Lévy
[s.f.]
|
| Matèries: | |
| Etiquetes: |
Afegir etiqueta
Sense etiquetes, Sigues el primer a etiquetar aquest registre!
|
MARC
| LEADER | 00000nam a2200000Ia 4500 | ||
|---|---|---|---|
| 008 | 170316s9999 xx 000 0 und d | ||
| 040 | |a cru BVZT | ||
| 090 | |a 840 C-13a | ||
| 100 | |a Coulevain, Pierre de | ||
| 245 | |a Au coeur de la vie | ||
| 260 | |a París, Francia | ||
| 260 | |b Calmann-Lévy | ||
| 260 | |c [s.f.] | ||
| 300 | |a 411 páginas | ||
| 650 | |a LITERATURA FRANCESA | ||
| 999 | |c 7576 |d 7576 | ||
| 942 | |c 15 D |h 840 C-13a |2 z | ||
